Movie to Director - Click Quiz - Statistics

General Stats
  • This quiz has been taken 85 times
  • The average score is 13 of 15
Answer Stats
Hint Answer % Correct
Psycho Alfred Hitchcock
97%
Jurassic Park Steven Spielberg
97%
Inglorious Basterds Quentin Tarantino
95%
Jaws Steven Spielberg
95%
Pulp Fiction Quentin Tarantino
93%
Saving Private Ryan Steven Spielberg
92%
The Shining Stanley Kubrick
91%
Django Unchained Quentin Tarantino
89%
Once Upon a Time In Hollywood Quentin Tarantino
89%
Reservoir Dogs Quentin Tarantino
88%
A Clockwork Orange Stanley Kubrick
88%
Vertigo Alfred Hitchcock
85%
Rear Window Alfred Hitchcock
85%
Ready Player One Steven Spielberg
83%
Paths of Glory Stanley Kubrick
72%
No matching quizzes found
Score Distribution
Percent of People with Each Score
Percentile by Number Answered
Your Score History
You have not taken this quiz